00297pab a2200121 454500008004000000100002300040245004600063260000900109300001300118362001100131650001300142773002000155180718b2012 xxu||||| |||| 00| 0 eng d aDhiman, Anil Kumar aHow many indexes for research assessment? c2012 ap.13-18. a4 June aResearch aUniversity News